| 000 | 00567nam a2200181Ia 4500 | ||
|---|---|---|---|
| 003 | IN-BaIIA | ||
| 008 | 211028s9999 xx 000 0 eng d | ||
| 020 | _a0-521-24194-4 | ||
| 040 | _cIIA Library | ||
| 080 |
_a52(035) _bZOM |
||
| 100 |
_aZombeck, Martin V. _912474 |
||
| 245 | 0 |
_aHandbook of space astronomy and astrophysics _cMartin V. Zombeck |
|
| 260 |
_aCambridge _bCambridge University Press _c1982 |
||
| 300 | _a326p. | ||
| 650 | _aAstronomy and astrophysics thesaurus | ||
| 650 | _aAstronomy-handbooks | ||
| 942 | _cBK | ||
| 999 |
_c7291 _d7291 |
||